| 000 | 00348nam a22001217a 4500 | ||
|---|---|---|---|
| 082 | _a220 PRO | ||
| 100 |
_aAQIB,UZAIR,ZUNAIRUREHMAN, _972206 |
||
| 245 | _aPR-SOF-1141-STUDY OF ROLLOVER DYNAMICS OF HEAVY VEHICLES | ||
| 260 |
_aISLAMABAD _bNUST COLLEGE OF EME _c2011 |
||
| 650 |
_a DE-MECH-30 _972207 |
||
| 700 |
_aRAJA AMER AZIM _970284 |
||
| 942 | _cCR | ||
| 999 |
_c578346 _d578346 |
||